|
|
|
|
| LEADER |
00000nam a2200000 a 4500 |
| 001 |
vtls001217755 |
| 003 |
SK-MaSNL |
| 005 |
20260301041203.0 |
| 008 |
180814s1976 xo a 0 slo |
| 020 |
|
|
|c 3,00
|
| 035 |
|
|
|a SNK000160982
|
| 040 |
|
|
|a SNK
|b slo
|c SNK
|e AACR2
|
| 044 |
|
|
|a xo
|c SK
|
| 080 |
|
|
|a 792.4
|2 1981
|
| 110 |
2 |
|
|a Štátna opera Banská Bystrica
|4 aut
|9 32008
|
| 245 |
1 |
|
|a Bedřich Smetana: Predaná nevesta
|b komická opera v troch dejstvách, premiéra v opere DJGT v Banskej Bystrici 12. júna 1976
|
| 260 |
|
|
|a Banská Bystrica
|b Divadlo Jozefa Gregora-Tajovského
|c 1976
|
| 300 |
|
|
|a [14] s.
|c 23 cm
|
| 650 |
0 |
7 |
|a programy divadelné
|x opera
|2 SNK
|9 342547
|
| 958 |
|
|
|a OND
|
| 999 |
|
|
|c 587809
|d 589739
|
| 952 |
|
|
|t P60, <03>, [BOOK], {603}
|a SNK
|b SNK
|y PREZ
|7 0
|p 17A0004213
|o snkOSC 18510
|i snkK 568/96
|0 0
|1 0
|4 0
|d 1996-06-03
|l 0
|r 2005-01-01 00:00:00
|w 2026-02-23
|